Statistics for Best Film Oscar: one worded titles (since 1980) with clues

Click here to take the quiz!

General Stats

  • This quiz has been taken 98 times
  • The average score is 8 of 12

Answer Stats

YearOne of its starsAnswer% Correct
1997Kate WinslettTitanic
98%
1995Mel GibsonBraveheart
92%
1982Ben KingsleyGandhi
91%
2000Russell CroweGladiator
90%
2012Ben AffleckArgo
78%
2002Renée ZellwegerChicago
75%
1984Tom HulceAmadeus
64%
2016Trevante RhodesMoonlight
58%
1986Willem DafoePlatoon
55%
2015Rachel McAdamsSpotlight
48%
2005Jennifer EspositoCrash
46%
1992Morgan FreemanUnforgiven
40%

Score Distribution

Percentile by Number Answered

Percent of People with Each Score

Your Score History

You have not taken this quiz